000 00747nab a2200241 u 4500
001 10680
003 HDC
007 cr bn ---aaaaa
008 210205c20130515my dr|nes 0 a may d
040 _aHDC
245 0 _aRancang perluas eksport ke India
260 _aKuala Lumpur :
_bMedia Mulia Sdn. Bhd.,
_c2013
336 _atext
_2rdacontent
337 _acomputer
_2rdamedia
338 _aonline resource
_2rdacarrier
650 _aExport
_94753
650 _aTrade
_94755
710 _aUtusan Malaysia
856 _zRequest full-text at [email protected]
942 _2lcc
942 _cNEWS
942 _kNWSC 003902
999 _c8003
_d8003